| 000 | 00504nab a2200157Ia 4500 | ||
|---|---|---|---|
| 003 | ES-SlBCS | ||
| 005 | 20210601125456.0 | ||
| 008 | 140529s1989-90 xxu||||| |||| 00| 0 eng d | ||
| 041 | _aeng | ||
| 100 | 1 |
_aSeung, T. K. _9159085 |
|
| 245 | 0 | 0 |
_aKant's Conception of the Categories _c T. K. Seung |
| 650 | 0 |
_aCategorías _9151970 |
|
| 600 | 1 | 0 |
_aKant, Immanuel _d, 1724-1804 _xCrítica e interpretación _9103752 |
| 773 | 0 |
_tReview of Methaphysics _gvol. 43, 1989-90, págs. 107-132 _wRev843 |
|
| 942 |
_cAR _2lcc |
||
| 999 |
_c530938 _d530938 |
||